Zefektívnenie výberu daní prostredníctvom nových možností zdaňovania
Harmonizácia oblasti selektívnych daní sa týka predovšetkým predmetu zdanenia a minimálnych daňových sadzieb, ktoré musia uplatniť krajiny vo svojich legislatívach. Pozitívne a negatívne následky zdaňovania niektorých tovarov. Harmonizovaný systém spotrebných daní v Európskej únii.
Gespeichert in:
| 1. Verfasser: | |
|---|---|
| Format: | Buchkapitel |
| Sprache: | Slowakisch |
| Schlagworte: | |
| Tags: |
Keine Tags, Fügen Sie das erste Tag hinzu!
|
MARC
| LEADER | 00000naa$a2200000$$$4500 | ||
|---|---|---|---|
| 001 | 0215354 | ||
| 005 | 20240502083540.7 | ||
| 041 | 0 | |a slo | |
| 044 | |a RS | ||
| 245 | 1 | 0 | |a Zefektívnenie výberu daní prostredníctvom nových možností zdaňovania |c Juraj Válek |
| 520 | |a Harmonizácia oblasti selektívnych daní sa týka predovšetkým predmetu zdanenia a minimálnych daňových sadzieb, ktoré musia uplatniť krajiny vo svojich legislatívach. Pozitívne a negatívne následky zdaňovania niektorých tovarov. Harmonizovaný systém spotrebných daní v Európskej únii. | ||
| 610 | 2 | 0 | |a dane spotrebné |
| 610 | 2 | 0 | |a zdaňovanie |
| 610 | 2 | 0 | |a sadzby daňové |
| 610 | 2 | 0 | |a povinnosť daňová |
| 610 | 2 | 0 | |a systémy daňové |
| 610 | 2 | 0 | |a harmonizácia |
| 610 | 2 | 0 | |a legislatíva |
| 610 | 2 | 0 | |a Európska únia |
| 100 | 1 | |a Válek, Juraj, 1981- | |